000 01350nam a2200313Ia 4500
001 ebr10074972
003 CaPaEBR
006 m u
007 cr cn|||||||||
008 040616s2004 nyu s i001 0 eng d
010 _z 2004014198
020 _z9280810987
040 _aCaPaEBR
_cCaPaEBR
035 _a(OCoLC)70726473
050 1 4 _aS494.5.A43
_bM352 2004eb
082 0 4 _a333.95/16/0966
_222
245 0 0 _aManaging agrodiversity the traditional way
_h[electronic resource] :
_blessons from West Africa in sustainable use of biodiversity and related natural resources /
_cedited by Edwin A. Gyasi... [et al.].
260 _aNew York :
_bUnited Nations University Press,
_c2004.
300 _axxviii, 266 p.
500 _aIncludes index.
533 _aElectronic reproduction.
_bPalo Alto, Calif. :
_cebrary,
_d2009.
_nAvailable via World Wide Web.
_nAccess may be limited to ebrary affiliated libraries.
650 0 _aAgrobiodiversity
_zAfrica, West.
650 0 _aAgrobiodiversity
_zAfrica, West
_vCase studies.
650 0 _aBiodiversity conservation
_zAfrica, West.
655 7 _aElectronic books.
_2local
700 1 _aGyasi, Edwin A.
_q(Edwin Akonno),
_d1943-
710 2 _aebrary, Inc.
856 4 0 _uhttp://site.ebrary.com/lib/rucke/Doc?id=10074972
_zAn electronic book accessible through the World Wide Web; click to view
999 _c154364
_d154364